[Event "West Wales Open"]
[Site "Swansea"]
[Date "2019.10.13"]
[Round "5.14"]
[White "Whitehead, Mark A"]
[Black "Denham-Kennedy, Colin"]
[Result "1-0"]
[WhiteElo "1847"]
[BlackElo "1656"]
[Annotator "kemen"]
[PlyCount "67"]
[EventDate "2019.10.12"]
[EventType "swiss"]
[EventRounds "5"]
[EventCountry "WLS"]

1. e4 e6 2. Qe2 c5 3. g3 Nc6 4. c3 Nge7 (4... g6) (4... d5) 5. Bg2 Ng6 $146 {
the N invites pawn advances} (5... g6) (5... d5 {main lines}) 6. f4 e5 (6...
Be7) 7. f5 $16 Nge7 8. d3 Ng8 {Bl is undeveloping} (8... g6) 9. Nh3 h6 10. Nd2
d6 11. Nc4 b5 12. Ne3 a6 13. O-O Rb8 14. Bd2 a5 {Bl should get some pieces out
before committing to pawn moves} 15. Nd5 Be7 (15... Nf6) 16. g4 f6 {now it's a
very bad B & Wh's central N goes unchallenged.} (16... Bh4 $14 {will lead to a
B exchange for N or B.Komodo13}) 17. Bf3 (17. d4 $18 {Komodo13- blowing up the
centre while the K is still there.} cxd4 18. cxd4 Nxd4 19. Qd3 Nc6 (19... Bb7
20. Nhf4 (20. Be3)) 20. Rac1 Bd7 21. Nf2 Bf8 22. Qh3 h5 23. gxh5 Nd4 24. h6 $18
) (17. Qf2 Qd7 18. Qh4 h5 19. g5 $18 {Stockfish10}) 17... b4 18. Nf2 (18. Qf2 {
Stockfish10}) (18. Qg2 {Komodo13}) 18... Ba6 19. h4 $18 (19. Qe3 Qd7 20. Bd1
$18 {Stockfish10}) 19... Kd7 20. Be3 Bb7 21. Rfd1 Na7 22. d4 $18 {a K in the
centre is in a precarious position if it opens up. Here Bl is also still stuck
with 3 pieces out of action on the K side.} Bxd5 23. exd5 (23. dxc5 Bc6 24.
cxd6 Ke8 25. Bc5 Qc8 26. dxe7 Nxe7 27. Bxa7 $18 {Stockfish10}) 23... cxd4 24.
cxd4 Nb5 25. Rac1 (25. Ne4 {also}) 25... a4 26. Qc4 (26. Nd3 Ke8 27. Nxb4 Rb7
28. Nc6 Qa8 29. Qc4 $18 {Stockfish10}) 26... Ke8 27. Qxb4 (27. Nd3) 27... Nxd4
28. Qxa4+ Nb5 (28... Qd7 29. Rxd4 exd4 30. Qxd4 Bd8 31. Bd1 Kf7 32. Ba4 Qe7 33.
Rc6 $18 {Stockfish10}) 29. Be2 Qd7 30. Rc6 Nc7 31. Qc4 (31. Qa7 Ra8 32. Qb6 Bd8
33. Rxd6 Nxd5 34. Qc5 $18 {Stockfish10}) 31... Bd8 32. Ne4 Nxd5 33. Qxd5 Ne7 {
the N comes out far too late in the day} 34. Nxd6+ 1-0

[Event "West Wales Open"]
[Site "Swansea"]
[Date "2019.10.13"]
[Round "5.15"]
[White "Hare, Roy T"]
[Black "Thomas, Roy"]
[Result "1-0"]
[WhiteElo "1672"]
[BlackElo "1696"]
[Annotator "kemen"]
[PlyCount "85"]
[EventDate "2019.10.12"]
[EventType "swiss"]
[EventRounds "5"]
[EventCountry "WLS"]

{[%evp 41,41,2001]} 1. e4 c5 2. Nf3 Nc6 3. Bb5 Nf6 4. O-O (4. Nc3) (4. e5) (4.
Bxc6) (4. Qe2) 4... Nxe4 5. d4 (5. Re1) 5... cxd4 (5... Qb6 {2.5-0.5}) (5...
Nd6 {2 draws}) 6. Bxc6 (6. Re1 Nf6 (6... Nd6 7. Bd3 e6 8. c3 Be7 9. cxd4 Nb4
10. Bf1 b6 11. Nc3 Bb7 12. a3 Nd5 13. Nxd5 Bxd5 14. Ne5 O-O $17 {
Just-Sinygovsky, LSS email 2011,1/2-1/2}) 7. Nxd4 g6 8. b3 (8. c4 Bg7 9. Nc3
O-O 10. Bg5 a6 11. Ba4 Nxd4 12. Qxd4 d6 13. Qh4 Bd7 $15 {Kasas-Papandreou,
IECG email 2007,0-1}) 8... Qb6 9. Bb2 Bg7 10. Na3 O-O $15 {Taeger-Fauth,
Landesliga Sued 2003,1-0}) (6. Nxd4 a6 7. Ba4 Nc5 8. Nc3 Nxa4 9. Nxa4 Nxd4 10.
Qxd4 e6 11. Nb6 Rb8 12. Bf4 $16 {Varas-Simik, LSS email 2011,1-0}) 6... bxc6 (
6... dxc6 $17 {Stockfish10 & Fritz13}) 7. Qxd4 Nf6 (7... d5 $17 {both Engines})
8. Re1 g6 $2 {a not uncommon mistake in lines where Wh has sacriced the e pawn
in the Sicilian} (8... e6 $17) 9. Qxf6 $18 Rg8 10. Qh4 (10. Ng5 $1 Rg7 11. Ne4
d6 12. Qc3 Kd7 13. Bf4 $18 {Stockfish10- with several possible sacrifices to
open up the K}) 10... h6 11. Nc3 (11. Bxh6 f6 (11... Rh8 12. Qf6 Rh7 (12...
Rxh6 13. Ng5) 13. Ng5 Bxh6 14. Nxh7 $18) 12. c4 $18 {Stockfish10}) 11... Bg7
12. Ne4 g5 (12... Kf8 13. Nd6 Ba6 14. Qf4 f6 15. Qg4 $18 {Stockfish10}) 13. Qh5
(13. Nd6+ Kf8 14. Bxg5 {since Wh has won a piece earlier it is not too much of
a problem returning it to expose the K} hxg5 15. Qh5 exd6 16. Nxg5 Qxg5 17.
Qxg5 $18 {Stockfish10}) 13... d5 14. Nc5 (14. Nexg5 {Stockfish10} hxg5 15. Nxg5
Rf8 16. Nh7 e6 17. Nxf8 Bxf8 18. Bg5 Qd6 19. Qh8 $18) 14... Qd6 15. Nd3 Be6 16.
Bd2 (16. Be3 O-O-O 17. Bxa7) 16... O-O-O 17. Bb4 Qc7 18. Nfe5 (18. Bc5) 18...
Rgf8 19. Qf3 (19. Ng6 $5) 19... Bxe5 20. Nxe5 (20. Rxe5) 20... c5 21. Bd2 (21.
Ba3) 21... Kb8 22. Qb3+ (22. Ba5 {picks up an exchange}) 22... Ka8 23. Qb5 (23.
Qa4) 23... Rc8 24. Ba5 (24. b4 cxb4 25. Bxb4 {opens up more lines to the Bl K})
24... Qd6 25. Rad1 f6 26. Nc4 Qb8 (26... Qc6 27. Na3 d4 28. b4 $18 {Stockfish10
}) 27. Qxb8+ (27. Nb6+ axb6 28. Rxe6 Rc7 29. Rxb6 Qe8 30. Ra6+ Ra7 31. Rxa7+
Kxa7 32. Qxc5+ Ka8 33. Rd3 $18 {Stockfish10 fast demolition}) 27... Rxb8 28.
Rxe6 dxc4 29. b3 (29. Bc3) 29... cxb3 30. axb3 Rb5 (30... c4 $5) 31. Rd8+ (31.
Bd8) 31... Rxd8 32. Bxd8 c4 33. g3 (33. Bxe7 cxb3 34. cxb3 Rxb3 35. g4) 33...
cxb3 34. cxb3 Rxb3 35. Bxe7 Kb7 36. Rxf6 a5 37. Rxh6 a4 38. Bxg5 a3 39. Rh4 a2
40. Bf6 a1=Q+ 41. Bxa1 Rb1+ 42. Kg2 Rxa1 43. Rc4 1-0

[Event "West Wales Open"]
[Site "Swansea"]
[Date "2019.10.13"]
[Round "5.16"]
[White "Morgans, Justin"]
[Black "Sipho, Donovan"]
[Result "0-1"]
[WhiteElo "1657"]
[BlackElo "1659"]
[Annotator "kemen"]
[PlyCount "92"]
[EventDate "2019.10.12"]
[EventType "swiss"]
[EventRounds "5"]
[EventCountry "WLS"]

{[%evp 0,15,69,29,107,43,50,34,37,29,14,8,42,3,19,28,12,-25]} 1. e4 c5 2. Nc3
Nc6 3. f4 e6 4. Nf3 d5 5. e5 (5. Bb5 {main}) 5... f6 (5... Nge7) (5... Nh6) 6.
Bb5 Bd7 7. O-O Qb6 8. Kh1 $146 (8. Bxc6 Bxc6 {0-2}) (8. a4 $14 {Cloud Engines})
(8. f5 $14 {Komodo13}) 8... d4 9. Bxc6 Qxc6 (9... Bxc6) 10. Ne2 Qd5 11. d3 Bc6
12. c4 (12. f5 $14 {Komodo13}) 12... Qd7 13. Bd2 a5 14. Ng3 (14. exf6 gxf6 (
14... Nxf6 15. Ne5 $16) 15. Ng3 $14 {Komodo13}) 14... f5 15. Qe2 Be7 (15... h5
$15) 16. Rfb1 Nh6 17. h3 Nf7 (17... b5 $15) (17... O-O $15) 18. a3 (18. Nxf5
$16 {Komodo13} Bxf3 (18... exf5 19. e6 Qd6 20. exf7+ Kxf7 21. Ne5+ $16) (18...
O-O 19. Nxe7+ Qxe7 20. Rf1 $16) 19. Nxg7+ Kf8 20. Nxe6+ Qxe6 21. Qxf3 Qc6 22.
Qe2 Rg8 23. Rg1 $14 {Komodo13}) 18... a4 19. b4 (19. Nxf5 $14) 19... axb3 20.
Rxb3 (20. Nxf5) 20... Qd8 (20... Qc8 $17) 21. Nxf5 $6 {now the Q has moved
it's too late for this} exf5 $19 22. e6 Nd6 23. Ne5 O-O 24. Kh2 Rf6 25. Nxc6
bxc6 26. g4 fxg4 (26... Rg6) 27. hxg4 Qc7 (27... Rg6) 28. Kg2 Raf8 29. Qe5 Qc8
30. Re1 Rg6 31. Kh3 Rh6+ 32. Kg2 Rg6 33. Kh3 h5 34. g5 Rf5 (34... Nf5 35. Qe4
Qc7 36. Qe5 Bd6 37. Qe4 Ne7 38. a4 Bxf4 $19 {Komodo13}) 35. Qe2 Bxg5 (35... Rf8
36. Rbb1 Nf5 37. Qxh5 Rxe6 $19 {Komodo13}) 36. fxg5 Kf8 37. Kh4 (37. Kg2 Ke7
38. Qxh5 $16 {Komodo13}) 37... Ke7 38. Kxh5 {looks suicidal, but it requires
some precise calculation to refute} (38. Rb6 $11) 38... Qe8 (38... Qf8 $1 $19 {
Komodo13} 39. Rb7+ (39. Kxg6 Qe8+ 40. Kxg7 Rf8 $19) (39. Kg4 Qf6 $1 {
mating-Komodo13}) 39... Nxb7 40. Kxg6 Nd6 41. Kh7 Rf2 42. Qe5 Rxd2 $19 {
Komodo13}) 39. Kg4 $11 {safe back home} Qf8 40. Bc1 {but not with this} (40.
Reb1 $11) (40. Qh2 $11) 40... Rf2 $19 (40... Qf6 $19 {also , but text a little
better}) 41. Qd1 Qf5+ {yet this could let Wh get away} (41... Rg2+ {mates} 42.
Kh3 Qf2 {the Wh pieces are far away from their K} 43. Bf4 Qxf4 44. Kxg2 Qxg5+
45. Kf3 Rf6+ 46. Ke2 Qe3# (46... Qg2#)) 42. Kg3 Ra2 43. Re2 (43. Qf3 {comes to
the rescue} Rxg5+ 44. Bxg5+ Qxg5+ 45. Kh3 Qh6+ 46. Kg4 (46. Kg3 Qh2+ 47. Kg4
Rg2+ 48. Qxg2 Qxg2+ 49. Kh5 Kf6 50. Rf1+ Nf5 51. Rxf5+ Kxf5 52. a4 Qh3#) 46...
Qg6+ 47. Kh3 Qh6+ 48. Kg4 {repetition}) 43... Ra1 (43... Rxg5+ $1 44. Bxg5+
Qxg5+ 45. Kf3 Qh5+ 46. Kf2 Qh2+ 47. Kf3 Qh3+ 48. Kf2 Qe3+ 49. Kf1 Qf3+ 50. Ke1
Qh1+ 51. Kf2 Qxd1 $19 {Komodo13}) 44. Qd2 Rxc1 $1 45. Qxc1 Rxg5+ 46. Kh2 (46.
Qxg5+ Qxg5+ 47. Kf3 Qg1 {and the Q & N soon force a decision}) 46... Qh7# 0-1